| 000 | 01658cam a22004814i 4500 | ||
|---|---|---|---|
| 003 | PE-LiUPU | ||
| 005 | 20250731173031.0 | ||
| 008 | 150623s1991 miu rb 000 0 eng d | ||
| 020 | _a0943872650 | ||
| 035 | _a(Sirsi) i9780943872650 | ||
| 040 |
_aPE-LiUPU _bspa _cPE-LiUPU _erda |
||
| 049 | _aPRUA | ||
| 082 | 0 | 4 |
_a253.273 _bA15 _221 |
| 245 | 0 | 4 |
_aThe adventist minister / _ceditado por C. Raymond Holmes & Douglas R. Kilcher. |
| 264 | 1 |
_aBerrien Springs, MI : _bAndrews University Press, _c1991. |
|
| 300 |
_a146 páginas ; _c23 centímetros |
||
| 336 |
_atext _2rdacontent |
||
| 337 |
_aunmediated _2rdamedia |
||
| 338 |
_avolume _2rdacarrier |
||
| 504 | _aBibliografía al fin de cada capítulo. | ||
| 505 | 0 | _aSpirituality -- Relationships -- Nurture -- The word. | |
| 526 | _aSEG42 | ||
| 526 | _aSEG41 | ||
| 526 | _aSEG40 | ||
| 526 | _aSEG39 | ||
| 526 | _aP94 | ||
| 526 | _aP87 | ||
| 526 | _aP86 | ||
| 526 | _aP85 | ||
| 526 | _aP77 | ||
| 526 | _aP76 | ||
| 526 | _aP35 | ||
| 650 | 1 | 4 |
_aAdventistas del Séptimo Día _xPastores. |
| 650 | 2 | 4 |
_aTeología pastoral _xAdventistas del séptimo día. |
| 700 | 1 |
_aHolmes C., Raymond, _eeditor. |
|
| 700 | 1 |
_aKilcher, Douglas R., _eeditor. |
|
| 942 |
_2ddc _cBOOK |
||
| 949 |
_a253.273 A15 _wDEWEY _c1 _i48116 _lCCODEBUL1 _mBUL _r0 _sY _tBOOK _u2015-6-24 _xTEOLOGIA _PP35 _0COMPRA _o.STAFF. Colección General |
||
| 994 |
_aC0 _bPEPRU |
||
| 596 | _a1 | ||
| 999 |
_a253.273 A15 _wDEWEY _c25091 _i48116 _f2021-11-10 _g5 _lCCODEBUL1 _mBUL _p10.00 _r0 _sY _tBOOK _u2015-6-24 _xTEOLOGIA _PP35 _0COMPRA _o.STAFF. Colección Teología _d25091 |
||
| 980 |
_81 _gALBERTO SANCHEZ Responsable de Automatización |
||